000 00535nam a2200193 a 4500
001 1771067063507
003 YourLibrary
005 20260214163805.0
008 260214s1999##################000#0#eng##
020 _a9781853027307
082 0 4 _a306.7087
_bMCC
100 1 _aMcCarthy, Michelle,
_eauthor.
245 1 0 _aSexuality and Women with Learning Disabilities :
260 _bJessica Kingsley Publishers,
_c1999.
300 _a290 pages
650 0 _aPsychology.
942 _cENGLISH
040 _aYourLibrary
_beng
_cYourLibrary
999 _c612533
_d612533